| 000 | 01087nam a22002657a 4500 | ||
|---|---|---|---|
| 005 | 20170608163435.0 | ||
| 010 | _a1617EN ENG-118586 | ||
| 020 |
_a9789339213114 _c795.00 |
||
| 020 |
_a9789339213114 _c799.00 |
||
| 035 | _aB-651739-750 | ||
| 035 | _aEN-102118 | ||
| 037 |
_bPragati _adpl |
||
| 037 | _bDBAD/PUB | ||
| 082 | _a005.74 | ||
| 100 | _aRamakrishnan, Raghu | ||
| 245 |
_aDatabase management systems / _cby Raghu Ramakrishnan [and] Johannes Gehrke |
||
| 250 | _a3rd ed | ||
| 260 |
_aNew Delhi _bMcGraw Hill Education _c2016 |
||
| 270 |
_aP-24,Green Park Extention _bNew Delhi _e110016 |
||
| 300 |
_axxxii,1065p. _c24cm(pbk) |
||
| 500 | _aIncludes index | ||
| 942 |
_2ddc _cEN _mRAM _h005.74 |
||
| 999 |
_c102006 _d102006 |
||